[Event "Fortaleza Schoonenborch op"]
[Site "Fortaleza"]
[Date "2023.03.05"]
[Round "5"]
[White "Gomes, Jose Roberto Severi"]
[Black "Correia, Aristoteles de Jesu"]
[Result "1-0"]
[WhiteElo "1799"]
[BlackElo "1697"]
[PlyCount "63"]
[EventDate "2023.03.02"]
[EventType "swiss"]
[EventRounds "6"]
[EventCountry "BRA"]
[SourceTitle "CBM 213 Extra"]
[Source "ChessBase"]
[SourceDate "2023.05.31"]
[SourceVersion "1"]
[SourceVersionDate "2023.05.31"]
[SourceQuality "1"]

1. Nf3 d5 2. d4 Nf6 3. Bf4 c5 4. e3 Qb6 5. b3 Bf5 6. c4 e6 7. Be2 Be7 8. 0-0 0-0 9. Nbd2 Nbd7 10. h3 Bd6 11. dxc5 Qxc5 12. Bxd6 Qxd6 13. Nh4 Be4 14. Nxe4 Nxe4 15. cxd5 Nc3 16. Qd3 Nxe2+ 17. Qxe2 exd5 18. Rfd1 Rae8 19. Nf3 f5 20. Qb5 Nb6 21. Rd4 f4 22. exf4 Re4 23. g3 Qf6 24. Qd3 Rfe8 25. Kg2 Nd7 26. b4 Nf8 27. Rd1 Rxd4 28. Nxd4 Re4 29. a3 a6 30. Nf3 Ne6 31. Qxd5 Qg6 32. f5 1-0

[Event "Fortaleza Schoonenborch op"]
[Site "Fortaleza"]
[Date "2023.03.02"]
[Round "1"]
[White "Correia, Aristoteles de Jesu"]
[Black "Moreira, Mario Wedney De Lim"]
[Result "0-1"]
[WhiteElo "1697"]
[BlackElo "1380"]
[PlyCount "131"]
[EventDate "2023.03.02"]
[EventType "swiss"]
[EventRounds "6"]
[EventCountry "BRA"]
[SourceTitle "CBM 213 Extra"]
[Source "ChessBase"]
[SourceDate "2023.05.31"]
[SourceVersion "1"]
[SourceVersionDate "2023.05.31"]
[SourceQuality "1"]

1. d4 Nf6 2. c4 g6 3. Nc3 Bg7 4. e4 d6 5. f3 0-0 6. Nge2 Nbd7 7. g4 e5 8. d5 Ne8 9. Ng3 Qh4 10. Be3 f5 11. Bf2 fxg4 12. Nf5 Qf6 13. Nxg7 Nxg7 14. f4 Qxf4 15. Qe2 Qf3 16. Rg1 Qxe2+ 17. Bxe2 Nf6 18. 0-0-0 a6 19. Bh4 Ngh5 20. Bg5 Bd7 21. Rdf1 Kg7 22. Be3 Rf7 23. Kd2 Raf8 24. Kd3 h6 25. Nd1 g5 26. Nf2 Nf4+ 27. Bxf4 exf4 28. Nxg4 Nxg4 29. Bxg4 Bxg4 30. Rxg4 Kg6 31. h4 Kh5 32. Rfg1 gxh4 33. Ke2 f3+ 34. Kf2 Rf4 35. Rxf4 Rxf4 36. Ke3 f2 37. Rf1 Kg4 38. c5 h3 39. e5 dxe5 40. Rxf2 Kf5 41. Rd2 Rd4 42. Rf2+ Kg4 43. Rf6 Rxd5 44. Rxh6 Rxc5 45. Rg6+ Kf5 46. Rh6 Rc2 47. Rxh3 Rxb2 48. Rf3+ Ke6 49. Rh3 Rxa2 50. Rh6+ Kd5 51. Rh7 Rc2 52. Kd3 Rc6 53. Rh1 b5 54. Rh8 Rb6 55. Rd8+ Kc5 56. Ke4 Rd6 57. Rc8 c6 58. Kxe5 a5 59. Rh8 Rd5+ 60. Ke4 a4 61. Rh1 b4 62. Rc1+ Kb5 63. Rh1 a3 64. Rh8 a2 65. Rh1 b3 66. Ra1 0-1

[Event "Fortaleza Cearense zt"]
[Site "Fortaleza"]
[Date "2019.09.29"]
[Round "6"]
[White "Monteiro, Jose Q Montenegro"]
[Black "Correia, Aristoteles de Jesu"]
[Result "0-1"]
[WhiteElo "1856"]
[BlackElo "1682"]
[PlyCount "60"]
[EventDate "2019.09.26"]
[EventType "swiss"]
[EventRounds "6"]
[EventCountry "BRA"]
[SourceTitle "EXT 2020"]
[Source "ChessBase"]
[SourceDate "2019.10.17"]
[SourceVersion "1"]
[SourceVersionDate "2019.10.17"]
[SourceQuality "1"]

1. e4 c5 2. Bc4 e6 3. Qe2 d6 4. Nf3 Be7 5. 0-0 Nf6 6. d3 a6 7. c3 b5 8. Bb3 Bb7 9. Bc2 Nbd7 10. h3 Ne5 11. Nh2 Ng6 12. f4 e5 13. f5 Nf8 14. a4 d5 15. Nd2 dxe4 16. dxe4 Bc6 17. Rd1 Qc7 18. Re1 N8d7 19. Ndf3 c4 20. g3 Nc5 21. Nxe5 Ncxe4 22. Bf4 Bc5+ 23. Kf1 0-0 24. Nxc6 Nxg3+ 25. Bxg3 Qxg3 26. Qg2 Qc7 27. axb5 Nh5 28. Qf3 Qxh2 29. Red1 Ng3+ 30. Ke1 Rae8+ 0-1

[Event "Fortaleza Gadelha Memorial"]
[Site "Fortaleza"]
[Date "2019.08.16"]
[Round "3"]
[White "Pinheiro, Iung Alicio"]
[Black "Correia, Aristoteles de Jesu"]
[Result "1-0"]
[WhiteElo "2353"]
[BlackElo "1704"]
[PlyCount "45"]
[EventDate "2019.08.15"]
[EventType "swiss"]
[EventRounds "7"]
[EventCountry "BRA"]
[SourceTitle "CBM 191 Extra"]
[Source "ChessBase"]
[SourceDate "2019.09.30"]
[SourceVersion "1"]
[SourceVersionDate "2019.09.30"]
[SourceQuality "1"]

1. c4 Nf6 2. g3 e6 3. Bg2 Be7 4. Nf3 0-0 5. 0-0 d5 6. b3 Nbd7 7. Bb2 c5 8. e3 Rb8 9. Nc3 Nb6 10. Qe2 a6 11. Rfd1 Bd6 12. d4 Qc7 13. cxd5 Nbxd5 14. Rac1 Qe7 15. dxc5 Bxc5 16. Nxd5 Nxd5 17. e4 Nb6 18. Qc2 Ba3 19. Bxa3 Qxa3 20. Qc7 Nd7 21. Rc2 Qe7 22. Rcd2 Rd8 23. Qxb8 1-0

[Event "Fortaleza Schoonenborch U1900 6th"]
[Site "Fortaleza"]
[Date "2019.03.10"]
[Round "5.7"]
[White "De Lima, Theo Magalhaes"]
[Black "Correia, Aristoteles de Jesu"]
[Result "0-1"]
[WhiteElo "1258"]
[BlackElo "1687"]
[PlyCount "54"]
[EventDate "2019.03.07"]
[EventType "swiss"]
[EventRounds "6"]
[EventCountry "BRA"]
[SourceTitle "EXT 2022"]
[Source "ChessBase"]
[SourceDate "2021.10.06"]
[SourceVersion "1"]
[SourceVersionDate "2021.10.06"]
[SourceQuality "1"]

1. e4 d6 2. d4 Nf6 3. Nc3 g6 4. f4 Bg7 5. Nf3 c5 6. dxc5 Qa5 7. Bd2 Qxc5 8. Bb5+ Nc6 9. Bxc6+ bxc6 10. Qe2 0-0 11. Na4 Qxc2 12. Nc3 Qxb2 13. Rb1 Qa3 14. Rb3 Qa6 15. e5 Qxe2+ 16. Kxe2 Ba6+ 17. Kf2 dxe5 18. Nxe5 Rfd8 19. Be3 Rd6 20. Bc5 Rd2+ 21. Kf3 Nd7 22. Nxc6 Nxc5 23. Nb8 Bb7+ 24. Kg4 h5+ 25. Kg5 Rxg2+ 26. Kh4 Rg4+ 27. Kh3 Bg2# 0-1

[Event "Fortaleza Schoonenborch U1900 6th"]
[Site "Fortaleza"]
[Date "2019.03.08"]
[Round "2.3"]
[White "Correia, Aristoteles de Jesu"]
[Black "De Oliveira, Guibson Martins"]
[Result "0-1"]
[WhiteElo "1687"]
[BlackElo "1836"]
[PlyCount "64"]
[EventDate "2019.03.07"]
[EventType "swiss"]
[EventRounds "6"]
[EventCountry "BRA"]
[SourceTitle "EXT 2022"]
[Source "ChessBase"]
[SourceDate "2021.10.06"]
[SourceVersion "1"]
[SourceVersionDate "2021.10.06"]
[SourceQuality "1"]

1. Nf3 Nf6 2. d4 g6 3. c4 Bg7 4. g3 0-0 5. Bg2 d5 6. 0-0 c6 7. b3 Be6 8. Nc3 h6 9. c5 b6 10. b4 a5 11. b5 bxc5 12. bxc6 Nxc6 13. Na4 cxd4 14. Rb1 Bf5 15. Rb6 Rc8 16. Bb2 Nb4 17. Nxd4 Bd7 18. Nb5 Bxb5 19. Rxb5 Qd7 20. Rb6 Nc2 21. Bxf6 Bxf6 22. Nb2 Nb4 23. a3 Bxb2 24. axb4 axb4 25. Qd2 Bc3 26. Qxh6 Qf5 27. Bh3 Qe4 28. Bxc8 Rxc8 29. e3 d4 30. exd4 Qxd4 31. Qc1 Qxb6 32. Rd1 Rd8 0-1

[Event "Fortaleza Cearense zt"]
[Site "Fortaleza"]
[Date "2017.10.14"]
[Round "4"]
[White "Gomes Sergio, Augusto Simonetti"]
[Black "Correia, Aristoteles de Jesu"]
[Result "0-1"]
[WhiteElo "1850"]
[BlackElo "1673"]
[PlyCount "78"]
[EventDate "2017.10.12"]
[EventType "swiss"]
[EventRounds "6"]
[EventCountry "BRA"]
[SourceTitle "CBM 181 Extra"]
[Source "ChessBase"]
[SourceDate "2017.12.12"]
[SourceVersion "1"]
[SourceVersionDate "2017.12.12"]
[SourceQuality "1"]

1. e4 c5 2. Nf3 d6 3. d4 cxd4 4. Nxd4 Nf6 5. Nc3 a6 6. Be3 e6 7. f3 Be7 8. Qd2 0-0 9. 0-0-0 Nc6 10. g4 Nxd4 11. Bxd4 b5 12. h4 e5 13. Be3 Qa5 14. Kb1 b4 15. Nd5 Nxd5 16. exd5 f5 17. Qg2 f4 18. Bc1 Bb7 19. Bc4 Qc5 20. b3 a5 21. g5 a4 22. h5 axb3 23. Bxb3 Ba6 24. g6 h6 25. Rh2 Bf6 26. Bb2 Kh8 27. Qd2 Bc4 28. Rc1 Ra5 29. c3 Bxb3 30. cxb4 Bxa2+ 31. Ka1 Qb5 32. bxa5 Qa4 33. Rc7 Rb8 34. Qc3 Bc4+ 35. Kb1 Qd1+ 36. Qc1 Bd3+ 37. Ka2 Qa4+ 38. Ba3 Qb3+ 39. Ka1 e4+ 0-1

[Event "Fortaleza Genti Memorial"]
[Site "Fortaleza"]
[Date "2017.09.24"]
[Round "5"]
[White "Correia, Aristoteles de Jesu"]
[Black "Assuncao, Jose Ribamar da Cos"]
[Result "1-0"]
[WhiteElo "1673"]
[BlackElo "1680"]
[PlyCount "143"]
[EventDate "2017.09.22"]
[EventType "swiss"]
[EventRounds "6"]
[EventCountry "BRA"]
[SourceTitle "CBM 180 Extra"]
[Source "ChessBase"]
[SourceDate "2017.10.06"]
[SourceVersion "1"]
[SourceVersionDate "2017.10.06"]
[SourceQuality "1"]

1. d4 Nf6 2. c4 e6 3. g3 c6 4. Bg2 d6 5. Nc3 d5 6. Nf3 Be7 7. 0-0 0-0 8. a3 Nbd7 9. Nd2 Bd6 10. e4 dxe4 11. Ndxe4 Bc7 12. Nxf6+ Nxf6 13. Bg5 h6 14. Bxf6 Qxf6 15. Ne4 Qe7 16. Qh5 Rb8 17. Rad1 Rd8 18. Nc3 Bd7 19. Rfe1 Qf8 20. Kh1 Be8 21. Qe2 Rd7 22. Ne4 b6 23. b4 Rbd8 24. d5 cxd5 25. cxd5 exd5 26. Rxd5 Qe7 27. Rxd7 Bxd7 28. Nc3 Qxe2 29. Rxe2 Be6 30. Be4 Bc4 31. Rc2 Bb8 32. Kg2 Be6 33. Kf3 g6 34. Ke3 Rc8 35. Ne2 Rxc2 36. Bxc2 Kf8 37. Nd4 Bd5 38. Ba4 a6 39. Bc6 Bxc6 40. Nxc6 Bc7 41. Kd4 Ke8 42. Kd5 Kd7 43. Ne5+ Bxe5 44. Kxe5 Ke7 45. f4 f6+ 46. Kd5 Kd7 47. a4 g5 48. fxg5 hxg5 49. g4 Kc7 50. Ke6 Kc6 51. Kxf6 b5 52. a5 Kd5 53. Kxg5 Kc4 54. Kf4 Kxb4 55. g5 Kxa5 56. g6 b4 57. g7 b3 58. g8Q Kb4 59. Qf8+ Ka4 60. Qb8 a5 61. Qe5 Kb4 62. Qd4+ Ka3 63. Qc5+ Ka4 64. Qc3 Ka3 65. Qxa5+ Kb2 66. Ke3 Kc2 67. Qa4 Kc3 68. Qd4+ Kc2 69. Qd3+ Kb2 70. Kd2 Ka2 71. Qc4 Ka3 72. Kc3 1-0

[Event "Fortaleza Cearense Cup"]
[Site "Fortaleza"]
[Date "2016.04.21"]
[Round "2"]
[White "Correia, Aristoteles de Jesu"]
[Black "Vacis, Laura Nunes"]
[Result "1/2-1/2"]
[WhiteElo "1696"]
[BlackElo "1520"]
[PlyCount "142"]
[EventDate "2016.04.21"]
[EventType "swiss"]
[EventRounds "5"]
[EventCountry "BRA"]
[SourceTitle "CBM 172 Extra"]
[Source "ChessBase"]
[SourceDate "2016.06.21"]
[SourceVersion "1"]
[SourceVersionDate "2016.06.21"]
[SourceQuality "1"]

1. d4 Nf6 2. c4 c5 3. d5 b5 4. g3 g6 5. Bg2 d6 6. Nf3 Bg7 7. 0-0 0-0 8. cxb5 a6 9. Nc3 axb5 10. Nxb5 Ba6 11. Nc3 Nbd7 12. Re1 Ng4 13. e4 Nge5 14. Nxe5 Nxe5 15. Qc2 Qa5 16. Qa4 Qxa4 17. Nxa4 Nd3 18. Rd1 Rfb8 19. Bg5 Ra7 20. Rab1 h6 21. Be3 Nxb2 22. Nxb2 Bxb2 23. Bxh6 Rab7 24. Bf1 Bxf1 25. Kxf1 Ba3 26. Rxb7 Rxb7 27. Rd3 Rb1+ 28. Kg2 Bb4 29. Rb3 Ra1 30. Rb2 Bc3 31. Rc2 Bd4 32. Bf4 Rb1 33. Be3 Bg7 34. f4 Rb4 35. Kf3 Kf8 36. e5 Ke8 37. Bd2 Rd4 38. exd6 exd6 39. Be3 Rxd5 40. Rd2 Rxd2 41. Bxd2 Kd7 42. Ke4 Kc6 43. Kd3 d5 44. g4 c4+ 45. Kc2 d4 46. Bb4 d3+ 47. Kd2 Kd5 48. a4 Bd4 49. Bc3 Bxc3+ 50. Kxc3 Ke4 51. a5 Ke3 52. a6 d2 53. a7 d1Q 54. a8Q Qd3+ 55. Kb4 Qd6+ 56. Kxc4 Qxf4+ 57. Kc3 Qe5+ 58. Kb3 Qb5+ 59. Kc3 Qd3+ 60. Kb2 Qd4+ 61. Kb3 Qxg4 62. Qa7+ Ke4 63. Qb7+ Ke5 64. Qc7+ Kf6 65. Qc3+ Kg5 66. Qe5+ Qf5 67. Qe3+ Qf4 68. Qe7+ Qf6 69. Qe3+ Qf4 70. Qe7+ Qf6 71. Qe3+ Qf4 1/2-1/2

[Event "Fortaleza Costa Memorial"]
[Site "Fortaleza"]
[Date "2015.11.28"]
[Round "3"]
[White "Correia, Aristoteles de Jesu"]
[Black "Vacis, Laura Nunes"]
[Result "0-1"]
[WhiteElo "1729"]
[BlackElo "1420"]
[PlyCount "60"]
[EventDate "2015.11.26"]
[EventType "swiss"]
[EventRounds "5"]
[EventCountry "BRA"]
[SourceTitle "CBM 169 Extra"]
[Source "ChessBase"]
[SourceDate "2015.12.18"]
[SourceVersion "1"]
[SourceVersionDate "2015.12.18"]
[SourceQuality "1"]

1. e4 e5 2. Nf3 Nc6 3. Bb5 a6 4. Bxc6 dxc6 5. 0-0 Bd6 6. d3 h6 7. Nbd2 Nf6 8. Nc4 Qe7 9. h3 0-0 10. d4 Nd7 11. Re1 f6 12. Nh4 Qf7 13. Ne3 exd4 14. Nef5 Ne5 15. Bxh6 Bxf5 16. Nxf5 Qg6 17. Bf4 Rae8 18. Qxd4 Nf3+ 19. Kh1 Nxd4 20. Bxd6 cxd6 21. Nxd4 Kf7 22. Nf5 Rd8 23. Re3 Rg8 24. Rd1 d5 25. Red3 dxe4 26. Rxd8 Rxd8 27. Rxd8 Qxf5 28. Rd2 Qf4 29. Rd7+ Kg6 30. Rxb7 Qxf2 0-1

[Event "Fortaleza Pompeu de Sousa Memoria"]
[Site "Fortaleza"]
[Date "2015.03.28"]
[Round "2.8"]
[White "Brandao, Joao Marcus Da Cost"]
[Black "Correia, Aristoteles de Jesu"]
[Result "1/2-1/2"]
[WhiteElo "1378"]
[BlackElo "1731"]
[PlyCount "101"]
[EventDate "2015.03.27"]
[EventType "swiss"]
[EventRounds "5"]
[EventCountry "BRA"]
[SourceTitle "EXT 2022"]
[Source "ChessBase"]
[SourceDate "2021.10.06"]
[SourceVersion "1"]
[SourceVersionDate "2021.10.06"]
[SourceQuality "1"]

1. c4 Nf6 2. d4 g6 3. Nc3 Bg7 4. Bg5 d6 5. Nf3 0-0 6. Qd2 Nbd7 7. Bh6 e5 8. dxe5 Nxe5 9. Bxg7 Nxf3+ 10. exf3 Kxg7 11. Be2 Bf5 12. g4 Be6 13. h4 Nd7 14. h5 Rh8 15. f4 f5 16. Qd4+ Qf6 17. Qxf6+ Nxf6 18. gxf5 Bxf5 19. hxg6 hxg6 20. 0-0-0 Ne4 21. Nxe4 Bxe4 22. f3 Bc6 23. Rxh8 Rxh8 24. Rg1 Kf6 25. Bd3 Be8 26. Be4 c6 27. Rd1 Ke6 28. Re1 Kd7 29. Rg1 Rf8 30. Rg4 Bf7 31. f5 Bxc4 32. fxg6 Bg8 33. f4 Ke6 34. g7 Rd8 35. Rg6+ Kf7 36. f5 Bh7 37. Rg4 Rg8 38. Kd2 Rxg7 39. Rxg7+ Kxg7 40. f6+ Kxf6 41. Bxh7 Ke5 42. Ke3 c5 43. Bg6 b5 44. Kd3 a5 45. b3 d5 46. Be8 c4+ 47. bxc4 bxc4+ 48. Kc3 Ke4 49. Bb5 Ke5 50. Bxc4 dxc4 51. Kxc4 1/2-1/2